18 la 48 Constitution Federale 19 de 48 La Suiss; ses origines, son élaboration son évolution
Tallennettuna:
| Päätekijä: | |
|---|---|
| Aineistotyyppi: | Kirja |
| Kieli: | Undetermined |
| Julkaistu: |
A labaconniere
La Constitution Fédérale de la Suisse
1948
|
| Aiheet: | |
| Tagit: |
Lisää tagi
Ei tageja, Lisää ensimmäinen tagi!
|
| Thư viện lưu trữ: | Trung tâm Học liệu Trường Đại học Cần Thơ |
|---|
| LEADER | 00642nam a2200193Ia 4500 | ||
|---|---|---|---|
| 001 | CTU_86474 | ||
| 008 | 210402s9999 xx 000 0 und d | ||
| 082 | |a 338.9 | ||
| 082 | |b R221 | ||
| 100 | |a Rappard, William E. | ||
| 245 | 0 | |a 18 la 48 Constitution Federale 19 de 48 La Suiss; ses origines, son élaboration son évolution | |
| 245 | 0 | |c William E. Rappard | |
| 260 | |a A labaconniere | ||
| 260 | |b La Constitution Fédérale de la Suisse | ||
| 260 | |c 1948 | ||
| 650 | |a Economics policities,Economic development | ||
| 650 | |z Switzerland,Switzerland | ||
| 904 | |i Năm | ||
| 980 | |a Trung tâm Học liệu Trường Đại học Cần Thơ | ||